NOMINÁCIA A ZÁPIS MPR BARDEJOV A ŽIDOVSKÉHO SUBURBIA DO ZOZNAMU SVETOVÉHO KULTÚRNEHO DEDIČSTVA

Bibliographic Details
Main Author: Lalková, Jara, 1942- (Author)
Format: Article
Language:Slovak
ISBN:8096859153

MARC

LEADER 00000naa a2200000uu 4500
001 vtls011056074
003 SK-MaSNL
005 20260302115627.0
008 210909|2001 xo |||||||||||||||||slo|
015 |a SNBRA 
035 |a (urnnbn)urn:nbn:sk:snk:ar-a0byq0 
035 |a (uuid)c035228a-1907-4eba-adcb-a29772431848 
035 |a urn:nbn:sk:snk-aav5db 
040 |a SNKBUCL  |b slo  |c SNKBUCL  |e AACR2 
041 0 |a slo 
044 |a xo  |c SK 
100 1 |a Lalková, Jara,  |d 1942-  |4 aut  |9 8778 
245 1 0 |a NOMINÁCIA A ZÁPIS MPR BARDEJOV A ŽIDOVSKÉHO SUBURBIA DO ZOZNAMU SVETOVÉHO KULTÚRNEHO DEDIČSTVA  |c Jara Lalková 
773 0 |t Bardkontakt 2001  |d Bardejov : Mesto Bardejov, 2001  |g S. 10-16  |z 8096859153 
958 |a OND 
958 |a article12 
958 |a chapter 
999 |c 1265639  |d 1267569